000 00632nam a2200229 a 4500
008
020 _a0333310713 (pbk.)
049 _aMAIN
090 _aHD31
_bEYR
100 1 _aEyre, E.C.
245 1 0 _aMastering basic management /
_cE.C. Eyre.
260 _aSutton :
_bMacmillan press Ltd,
_c1982.
300 _axv, 266 p. :
_bill. ;
_c23cm.
504 _aIncludes bibliographical references.
500 _aIncludes index.
650 1 _aManagement.
907 _a.b10328920
_b18-10-13
_c27-03-13
003
005 20230123122005.0
040 _cNUST
942 _cBOOKS
_kHD31
_mEYR
999 _c125918
_d125918